Diagnostika prostredia vo vybranom podniku diplomová práca

Salvato in:
Dettagli Bibliografici
Autore principale: Jankaj, Adam
Ente Autore: Podnikovohospodárska fakulta EU so sídlom v Košiciach. Katedra manažmentu
Altri autori: Bobenič Hintošová, Aneta, 1979-
Natura: Libro
Lingua:slovacco
Pubblicazione: Košice 2020
Tags: Aggiungi Tag
Nessun Tag, puoi essere il primo ad aggiungerne!!

MARC

LEADER 00000nbm a2200000 4500
001 0265292
005 20210421115527.1
041 0 |a slo 
044 |a SK 
245 1 0 |a Diagnostika prostredia vo vybranom podniku  |b diplomová práca  |c Adam Jankaj ; školiteľ: Aneta Bobenič Hintošová 
264 1 |a Košice  |c 2020 
300 |a 95 s. 
100 1 |a Jankaj, Adam 
700 1 |a Bobenič Hintošová, Aneta, 1979- 
710 2 |a Podnikovohospodárska fakulta EU so sídlom v Košiciach. Katedra manažmentu